Normal view
MARC view
Entry Topical Term
001 - CONTROL NUMBER
- control field: 48799
003 - CONTROL NUMBER IDENTIFIER
- control field: ARRUPE
005 - DATE AND TIME OF LATEST TRANSACTION
- control field: 20191126104121.0
008 - FIXED-LENGTH DATA ELEMENTS
- fixed length control field: 191126|| aca||aabn | a|a d
040 ## - CATALOGING SOURCE
- Original cataloging agency: ARRUPE
- Transcribing agency: ARRUPE
150 ## - HEADING--TOPICAL TERM
- Topical term or geographic name as entry element: Food relief
- Geographic subdivision: Africa, Southern
- General subdivision: Management.
670 ## - SOURCE DATA FOUND
- Source citation: Work cat.: (ARRUPE)0: Thompson, Carol B. 31927, Drought management strategies in southern Africa /, [1993]